| 000 | 00423nam a22001697a 4500 | ||
|---|---|---|---|
| 003 | NUST | ||
| 005 | 20260206160523.0 | ||
| 008 | 260206b ||||| |||| 00| 0 eng d | ||
| 020 | _a978-1589481077 | ||
| 082 | _a910.285 | ||
| 100 |
_a ESRI Press _9133102 |
||
| 245 |
_aUsing ArcScan for ArcGIS: ArcGIS 9 / _cESRI Press. |
||
| 260 |
_bESRI Press, _c2004. |
||
| 300 | _a144 p ; | ||
| 563 | _aPapercover | ||
| 942 |
_2ddc _cBK |
||
| 999 |
_c616096 _d616096 |
||